Statistics for MLB Baseball Top 100 Players Entering 2021

Click here to take the quiz!

General Stats

  • This quiz has been taken 169 times
  • The average score is 77 of 100

Answer Stats

HintAnswer% Correct
Angels OFMike Trout
100%
Padres SSFernando Tatis Jr.
99%
Braves OFRonald Acuna Jr.
99%
Dodgers OFCody Bellinger
98%
Mets SPJacob deGrom
98%
Dodgers OFMookie Betts
98%
Yankees SPGerrit Cole
98%
Phillies OFBryce Harper
97%
Yankees OFAaron Judge
97%
Braves 1BFreddie Freeman
97%
Padres 3BManny Machado
95%
Nationals OFJuan Soto
95%
Brewers OFChristian Yelich
95%
Angels 3BAnthony Rendon
94%
Cardinals 3BNolan Arenado
94%
Nationals SSTrea Turner
94%
Mets SSFrancisco Lindor
94%
Dodgers 3BJustin Turner
93%
Astros 3BAlex Bregman
93%
Rockies SSTrevor Story
93%
Indians SPShane Bieber
92%
Athletics 3BMatt Chapman
91%
Dodgers SPClayton Kershaw
91%
Dodgers SPTrevor Bauer
91%
Astros 2BJose Altuve
90%
Blue Jays OFGeorge Springer
90%
Nationals SPMax Scherzer
90%
Padres SPYu Darvish
90%
Dodgers SSCorey Seager
89%
Phillies CJ.T. Realmuto
88%
Indians 3BJose Ramirez
88%
White Sox 1BJose Abreu
88%
Cubs 1BAnthony Rizzo
87%
Astros SSCarlos Correa
87%
Red Sox SSXander Bogaerts
87%
Yankees 2BDJ LeMahieu
87%
White Sox SSTim Anderson
87%
Cubs 3BKris Bryant
86%
Cardinals 1BPaul Goldschmidt
85%
Padres LHPBlake Snell
84%
Phillies SPAaron Nola
84%
Cubs SSJavier Baez
83%
Dodgers SPWalker Buehler
82%
Blue Jays SSBo Bichette
82%
Mets 1B/DHPete Alonso
82%
Twins DHNelson Cruz
81%
Yankees SSGleyber Torres
80%
Nationals SPStephen Strasburg
80%
Yankees OF/DHGiancarlo Stanton
80%
Braves 2BOzzie Albies
78%
Dodgers CWill Smith
78%
Yankees 1BLuke Voit
77%
Athletics 1BMatt Olson
77%
Mets OF/1BDominic Smith
76%
Diamondbacks 2B/OFKetel Marte
74%
Red Sox 3BRafael Devers
73%
White Sox CYasmani Grandal
73%
Red Sox DHJD Martinez
72%
Royals CSalvador Perez
72%
Brewers RPJosh Hader
72%
Rockies OFCharlie Blackmon
72%
Braves OF/DHMarcell Ozuna
72%
Blue Jays SPHyun Jin Ryu
71%
Royals 2B/OFWhit Merrifield
71%
Braves SPMax Fried
70%
Mets OFMicheal Conforto
70%
White Sox RPLiam Hendricks
70%
Twins 3BJosh Donaldson
69%
Cubs CWillson Contreras
69%
White Sox SPLucas Giolito
68%
Cardinals SPJack Flaherty
67%
Mets OF/INFJeff McNeil
67%
Dodgers INFMax Muncy
67%
Red 3BEugenio Suárez
65%
Reds SPLuis Castillo
64%
Reds SPSonny Gray
64%
Rangers OFJoey Gallo
64%
White Sox OFLuis Robert
64%
Blue Jays 2BCavan Biggio
63%
Cubs SPKyle Hendricks
62%
Rays 2BBrandon Lowe
62%
White Sox OFEloy Jimenez
59%
Rays SPTyler Glasnow
58%
Brewers RPDevin Williams
58%
White Sox 3BYoan Moncada
57%
Astros OF/DHMicheal Brantley
56%
Red Sox OFAlex Verdugo
56%
Twins OFByron Buxton
56%
Yankees 3BGio Urshela
55%
Orioles OFTrey Mancini
52%
Blue Jays OFLourdes Gurriel Jr
52%
Rays OFRandy Arozarena
51%
Mets OFBrandon Nimmo
50%
Padres SPDinelson Lamet
50%
Blue Jays SSMarcus Semien
50%
Giants OFMike Yastrzemski
50%
Mariners OFKyle Lewis
49%
Rays OFAustin Meadows
49%
White Sox SPLance Lynn
49%
Twins RHPKenta Maeda
43%

Score Distribution

Percentile by Number Answered

Percent of People with Each Score

Your Score History

You have not taken this quiz